Využitie vysokorýchlostnej siete PLC na prevádzkovanie širokopásmových služieb v domácnosti

Uložené v:
Podrobná bibliografia
Hlavný autor: Hozlár, Matúš (Autor)
Ďalší autori: Orgoň, Miloš (Vedúci práce)
Médium: Rukopis Kniha
Jazyk:Slovak
Vydavateľské údaje: Bratislava : STU v Bratislave FEI, 2021
Predmet:
On-line prístup:https://opac.crzp.sk/?fn=detailBiblioForm&sid=38F43C5054BC4F7F2DB9CEF31F28&seo=CRZP-detail-kniha
Tagy: Pridať tag
Žiadne tagy, Buďte prvý, kto otaguje tento záznam!

MARC

LEADER 00000ntm a22000003a 4500
001 stuzp82414
003 SK-STU
005 20210902103520.7
007 ta
008 150427s2015----xo-----f-mn---000-0-slo-d
040 |a STU  |b slo 
041 0 |a slo 
044 |a xo 
100 1 |a Hozlár, Matúš  |u 037000  |4 aut  |U FEI Fakulta elektrotechniky a informatiky  |U FEI Fakulta elektrotechniky a informatiky  |T FEI Ústav multimediálnych informačných a komunikačných technológií  |X 98265  |U E070  |Y 818  |7 98265 
242 0 1 |a Utilization of a high-speed PLC network for broadband services  |y eng 
245 1 0 |a Využitie vysokorýchlostnej siete PLC na prevádzkovanie širokopásmových služieb v domácnosti 
260 |a Bratislava :  |b STU v Bratislave FEI,  |c 2021 
300 |a 40 s. 
650 4 |a Domáca PLC sieť  |2 slo 
650 4 |a širokopásmové služby v domácnosti  |2 slo 
650 4 |a využitie PLC siete v domácnosti  |2 slo 
650 4 |a broadband services in the home  |2 eng 
650 4 |a Home PLC network  |2 eng 
650 4 |a utilization of PLC network in the home  |2 eng 
700 1 |a Orgoň, Miloš  |u 037000  |k Z1  |4 ths  |U FEI Fakulta elektrotechniky a informatiky  |U FEI Fakulta elektrotechniky a informatiky  |T FEI Ústav multimediálnych informačných a komunikačných technológií  |X 2184  |U E070  |Y 818  |7 A000002184 
856 4 |u https://opac.crzp.sk/?fn=detailBiblioForm&sid=38F43C5054BC4F7F2DB9CEF31F28&seo=CRZP-detail-kniha